[Event "EU-chT (Men) 12th"]
[Site "Batumi"]
[Date "1999.12.05"]
[Round "7.1"]
[White "Topalov, Veselin"]
[Black "Movsesian, Sergei"]
[Result "1-0"]
[WhiteElo "2690"]
[BlackElo "2659"]
[Annotator "Huzman,A"]
[PlyCount "139"]
[EventDate "1999.11.06"]
[EventType "team-swiss"]
[EventRounds "9"]
[EventCountry "GEO"]
[SourceTitle "CBM 074"]
[Source "ChessBase"]
[SourceDate "2000.02.01"]
[SourceVersion "1"]
[SourceVersionDate "2000.02.01"]
[SourceQuality "1"]
[WhiteTeam "Bulgaria"]
[BlackTeam "Czech Republic"]
[WhiteTeamCountry "BUL"]
[BlackTeamCountry "CZE"]

1. d4 Nf6 2. c4 g6 3. Nc3 Bg7 4. e4 d6 5. Nf3 O-O 6. Be2 e5 7. O-O Nbd7 8. Be3
Qe7 9. d5 c5 10. Bg5 $1 {[%mdl 44] It is a typical strategical method.White
make the Black to move h6 after which prevent counterplay of the Black on the
King side by g3and Nh4.} (10. dxc6 bxc6 11. b4 Bb7 12. Nd2 d5 13. cxd5 cxd5 14.
exd5 Nxd5 15. Nxd5 Bxd5 16. Nb3 Qe6 $11 {0-1 Andonovski,L-Sofrevski,J/Struga
1993/EXT 99 (31)}) (10. Nd2 h5 11. a3 Nh7 12. b4 b6 13. Nb3 f5 14. f3 Ndf6 15.
bxc5 dxc5 16. a4 Bd7 17. a5 h4 $132 {time. 0-1 Ioseliani,N-Movsesian,S/CZE
1998/EXT 2000 (38)}) (10. Qd2 Ng4 11. Bg5 f6 12. Bh4 Nh6 13. Ng5 Nb8 14. Rad1
Nf7 15. Ne6 Bxe6 16. dxe6 Qxe6 17. Nd5 Na6 18. Bxf6 $1 Bxf6 19. Bg4 $16 {
1-0 Lambert,G-Shephard,C/Brighton 1977/EXT 99 (33)}) 10... h6 11. Bd2 Ne8 (
11... Nh5 12. g3 f5 $140 $2 13. Nh4 $18) 12. g3 $1 Ndf6 (12... f5 13. Nh4 Qf6
14. exf5 gxf5 15. f4 $16) 13. Nh4 Bh3 14. Re1 Kh7 15. Rb1 b6 16. a3 Bd7 (16...
Ng8 17. Bd3 f5 $140 18. Nxg6 $1 Kxg6 19. exf5+ Bxf5 20. Qg4+ $18) 17. b4 $16
Qd8 18. Bd3 Ng8 19. Qc2 Rc8 20. bxc5 (20. a4 cxb4 21. Rxb4 Nc7 {[%cal Yc7a6,
Ya6c5]}) 20... dxc5 (20... Rxc5 21. Be3 Rc8 22. a4 $36 {<<}) 21. f4 Nd6 (21...
exf4 $6 22. e5 fxg3 23. hxg3 $40 {[%cal Ge5e6]}) 22. a4 (22. fxe5 Bxe5 23. Nf3
f6 (23... Bd4+ 24. Kg2 $16)) (22. Nf3 exf4 (22... f6 23. f5 $5 $16) 23. e5 $36)
22... Ne7 23. Nb5 (23. Nf3 $5) 23... Bxb5 24. axb5 Qd7 25. fxe5 Bxe5 26. Nf3 f6
27. Nxe5 fxe5 28. Bc3 Nf7 29. Rf1 Rce8 30. Kh1 (30. Qf2 Nc8 {[%cal Yc8d6]}) (
30. Rf6 $5 Ng5 31. Rbf1 Rxf6 (31... Nh3+ 32. Kh1 Rxf6 33. Rxf6 Nc8 34. Bf1 Qg7
35. Rc6 $1 Ng5 36. h4 Nf7 37. Bh3 $16) 32. Rxf6 Qg4 $132) 30... g5 31. Rf6 Ng6
32. Rbf1 Nd6 33. Rxf8 Nxf8 34. Be2 $1 Kg7 (34... Ng6 35. Qd3 $1 $16 (35. Bh5
Nxc4 36. Qe2 (36. Rf6 Rg8 37. Qf2 Nd6 38. Re6 Qf7) 36... Nd6 37. Rf6 Rg8 38.
Qf3 $16) (35. Rf6 $6 Qe7 (35... Qd8))) 35. Bh5 Re7 36. Qe2 Nh7 $1 37. Bg4 Qe8
38. Bf5 Nf6 39. Kg2 Qg8 40. h4 $1 g4 $1 {Black are defending excelently and
create maximal defeculties for the White.} 41. Bxg4 Nfxe4 (41... Ndxe4 42. Bb2
Kh8 43. Bxe5 $1 Rxe5 44. Rxf6 Qg7 45. Rf4 Nd6 46. Rf8+ $18) 42. Be1 (42. Be6 $5
Rxe6 43. dxe6 Qxe6 44. Ba1 $16 {/~~}) (42. Bb2 Kh7 $1 $132 {[%csl Rg3]} (42...
Kh8 43. Rf3 $1 {[%cal Gf3e3]} (43. Rf4 h5 44. Rxe4 Nxe4 45. d6 $1 Nxd6 (45...
Re6 46. Qxe4 Qxg4 47. Qxg4 hxg4 48. d7 $18) 46. Bxe5+ Kh7 47. Qd3+ Qg6 48.
Qxg6+ Kxg6 49. Bxd6 Re4 50. Bd7) 43... Nxc4 44. Qxe4 Nxb2 45. d6 $18) 43. Qf3
Nd2 (43... Rf7 44. Be6 Rxf3 45. Bxg8+ Kxg8 46. Rxf3 Nxc4 47. Bc1 $16) 44. Bf5+
Nxf5 (44... Kg7 45. Qg4+ Kh8 46. Qf4 $1 Nxf5 47. Bxe5+ $16) 45. Qxf5+ Qg6 46.
d6 Qxf5 47. Rxf5 Rd7 48. Rxe5 Kg8 $1 {[%csl Rc4,Rd6]} 49. Re7 Rxe7 50. dxe7 Kf7
51. Bc1 Nxc4 52. Bxh6 Kxe7 $13) 42... Qh7 43. Kh3 (43. Be6 Qg6 44. Rf3 {
[%cal Gf3e3,Gh4h5]} h5 (44... Rxe6 45. dxe6 Qxe6 46. Re3 Qg6 47. g4 $16) 45.
Bc3 Rxe6 46. dxe6 Qxe6 47. Bb2 Kg6 $13 (47... Qxc4 48. Bxe5+ Kg6 $13)) 43...
Rf7 $6 (43... Nf6 $1 44. Qf3 Nxg4 45. Qf8+ (45. Bd2 Qe4 $1 46. Qf8+ Kg6 47.
Qxe7 Nf2+ $1 48. Kh2 (48. Rxf2 Qh1+ 49. Rh2 Qf1+ 50. Rg2 Qh1+ 51. Kg4 Qd1+ $11)
48... Ng4+ 49. Kg1 Qd4+ 50. Kh1 Qe4+ $11) 45... Kg6 46. Kxg4 h5+ 47. Kh3 Qg7
$11) 44. Rxf7+ Nxf7 45. Be6 Ned6 {[%csl Rc4][%cal Yh7e4]} (45... Qg6 46. g4
Ned6 47. Bg3 $16) 46. Bxf7 Nxf7 (46... Qf5+ $2 47. g4 Qxf7 48. Qxe5+ Qf6 49.
Bc3 $18) 47. Qf3 $1 (47. Bc3 Qf5+ 48. g4 (48. Qg4+ Kf6 {[%cal Yf7d6]}) 48...
Qf4 $132) 47... Qg6 (47... Qc2 $5 48. Bc3 Kg8 (48... Kf8 49. d6 (49. Bxe5 Qxc4
50. Bf4 h5 $5 $132) 49... Qg6 50. Qa8+ Kg7 51. Qd5 Kf8 52. d7 Qf5+ 53. Kg2 Ke7
54. Bxe5 (54. d8=Q+ Nxd8 55. Bxe5 (55. Qxe5+ Qxe5 56. Bxe5 Nb7 $132) 55... Nf7
56. Qb7+ Ke6 57. Qd5+ $11) 54... Qc2+ 55. Kf3 Nxe5+ (55... Qf5+ 56. Bf4 Qxd5+
57. cxd5 Kxd7 58. g4 $18) 56. Qxe5+ Kxd7 57. Qd5+ Kc7 (57... Ke7 58. Qe4+ Qxe4+
59. Kxe4 $18) 58. Qc6+ Kb8 59. Qxh6 $16) 49. d6 $5 Nxd6 50. Qa8+ Kf7 (50... Kh7
51. Qxa7+ Kg8 52. Qb8+ Kf7 53. Qxd6 Qxc3 54. Qxh6 $16) 51. Qd5+ Ke7 52. Qxe5+
Kd7 $132) 48. Bc3 Qf6 49. Qg4+ Kh7 50. Kg2 $16 Qg6 (50... Nd6 51. h5 $5 Kh8 52.
Qf3 Kg7 53. Qe2 Nf7 54. Qg4+ Kf8 55. Bd2 $16) 51. Qxg6+ Kxg6 52. g4 {[%mdl
4096] In this endgame the game will be on the different sides and in such
cases bishop is stronger than knight.} Kf6 (52... Nd6 53. Bxe5 Nxc4 54. Bf4 $16
) 53. Kf3 Nd6 54. Bd2 Kg7 (54... e4+ 55. Kf2 (55. Kg3 Nxc4 56. Bxh6 Ke5 57.
Bg7+ $1 (57. Bf4+ Kxd5 58. h5 Ke6 59. g5 Kf5 60. g6 Kf6 61. Kg4 e3 62. Kf3 Kg7
63. Ke2 Na3 64. Be5+ Kh6 65. Kxe3 Nxb5 66. Kf4 Nd4) 57... Kxd5 58. h5 Ke6 59.
Ba1 $18) (55. Kf4 $2 Nxc4 56. Bc3+ Kf7 57. Kxe4 Nd6+ 58. Kf4 Nxb5 59. Be5) (55.
Ke2 $1 Nxc4 (55... Kg7 56. Bf4 Nxc4 57. h5 $1 Na3 58. d6 Kf7 59. g5 hxg5 60. d7
Ke7 61. Bxg5+ Kxd7 62. h6 $18) (55... Ke5 56. Bxh6) 56. Bxh6 Ke5 (56... Nd6 57.
Bf4 (57. g5+ Kf5 58. h5) (57. h5 Nxb5 58. g5+ Kf5) 57... Nxb5 58. Ke3) 57. h5
Kxd5 58. Bf8 Ne5 59. h6 Kc4 60. h7 Ng6 61. Ke3 Kxb5 62. Kxe4 $18) 55... Nxc4 (
55... Ke5 56. Bxh6 Nxc4 57. Bg7+ Kxd5 58. h5 Ne5 (58... Ke6 59. Ba1 Nd6 (59...
Ne5 60. Bxe5 Kxe5 61. h6 Kf6 62. Ke3 Kg6 63. g5 Kh7 64. Kxe4 Kg6 65. Kf4 Kh7
66. Kf5 $18) (59... Kf7 60. g5 $18) 60. h6 $18)) (55... Kg7 56. Bf4 $1 Nxc4 57.
h5 $1 Na3 58. d6 Kf7 59. g5 hxg5 60. Bxg5 Ke6 61. h6 $18) 56. Bxh6 Nd6 (56...
Ke5 57. Bg7+ Kxd5 58. h5 $18) 57. h5 Nxb5 58. g5+ Kf5 59. g6 Kf6 60. Bg5+ $1
Kg7 61. Bf4 $18) 55. Bc1 Kg6 $6 (55... Nxc4 56. Ke4 Kf6 (56... Kg6 57. h5+ Kf6
(57... Kg7 58. Kf5 $18) 58. Bxh6 Nd6+ 59. Ke3 Nxb5 60. g5+ Kf5 61. g6 Kf6 62.
Bg5+ Kg7 63. Ke4 $18) 57. Bxh6 (57. g5+ hxg5 58. Bxg5+ Kf7 59. h5 Nd6+ 60. Kxe5
Nc4+ 61. Ke4 Nd6+ 62. Kf4 Nxb5 63. Ke5 a5 64. d6 Nxd6 65. Kxd6 a4 $11) 57...
Nd6+ 58. Ke3 Nxb5 59. h5 $1 (59. Bg5+ Kf7 60. Ke4 a5 $132) 59... Nd6 (59... a5
60. g5+ Kf5 61. g6 Kf6 (61... Nc3 62. d6 Nd5+ 63. Kd2 Ke6 64. Bg5 $1 $18) 62.
Bg5+ Kg7 63. Be7 $18) 60. g5+ Ke7 61. Bg7 $1 $16 Nf5+ $140 62. Kd2 Nxg7 63. h6
Kf7 64. h7 $18) 56. h5+ Kg7 57. Ke3 $1 Nf7 (57... Nxc4+ 58. Ke4 $16) 58. Kd3
Kf6 59. Bd2 Kg7 60. Be1 $1 Nd6 61. Bg3 Kf6 62. Bh4+ Kf7 63. g5 $18 e4+ 64. Kc3
Nf5 65. g6+ Kg7 66. Bd8 e3 67. Kd3 Kf8 68. Bc7 Ng7 69. Kxe3 Ke7 70. Be5 (70.
Be5 Ne8 71. d6+ Kd7 72. g7 $18) 1-0

[Event "Solin 7th"]
[Site "Solin"]
[Date "1999.12.14"]
[Round "1"]
[White "Kozul, Zdenko"]
[Black "Smirin, Ilia"]
[Result "1-0"]
[WhiteElo "2612"]
[BlackElo "2671"]
[Annotator "Huzman,A"]
[PlyCount "71"]
[EventDate "1999.12.10"]
[EventType "tourn"]
[EventRounds "9"]
[EventCountry "CRO"]
[EventCategory "13"]
[SourceTitle "CBM 075"]
[Source "ChessBase"]
[SourceDate "2000.04.05"]
[SourceVersion "1"]
[SourceVersionDate "2000.04.05"]
[SourceQuality "1"]

1. d4 Nf6 2. Nf3 g6 3. c4 Bg7 4. Nc3 O-O 5. e4 d6 6. Be2 e5 7. O-O Na6 8. Re1
c6 9. Bf1 exd4 10. Nxd4 Qb6 11. Na4 (11. Rb1 Ng4 12. Nce2 Ne5 (12... Re8 $1 13.
f3 Ne5 $17) 13. Ng3 Bg4 14. Qb3 Nc5 $1 (14... Qxd4 $2 15. Be3 $18) 15. Qc2 h5 (
15... Ne6 16. Nb3 {[%csl Rg4]}) 16. Be3 Qd8 17. f4 h4 18. Nh1 Ned7 19. Nf2 Bh5
20. g4 hxg3 21. hxg3 $16 {[%csl Rh5] 1/2-1/2 Tukmakov,V-Kozul,Z/Solin 1999/CBM
75_02 (45)}) 11... Qa5 12. Bf4 (12. Bd2 Qe5 (12... Qc7 {[%cal Yg7d4]} 13. Bf4
Re8 14. c5 (14. f3 $14) 14... Nxe4 (14... Rxe4 15. Qd2 $5 $36) 15. Bxa6 bxa6
16. Nc3 $16) 13. Nf3 (13. Bc3 Qe7 $132 {[%csl Ra4]}) 13... Qe7 14. Nc3 Nc5 15.
Qc2 Re8 $132) 12... Re8 13. Nc3 Ng4 (13... Qb6 $5 14. Nb3 (14. Qd2 Nc5 15. f3
Nfxe4 $1 16. fxe4 Ne6 $17) (14. Na4 Qa5 $11) 14... Ng4 15. Qd2 Be6 16. Bxd6 (
16. Rad1 Ne5 $132) 16... Rad8) 14. Qd2 Be5 15. Rad1 Nc5 16. h3 (16. Bxe5 $5
dxe5 17. Nc2 Ne6 18. b4 Qc7 19. Qd6 $14 {[%cal Gd1d6] /=}) 16... Nf6 17. Bxe5 (
17. Bg5 Ne6 (17... Nfd7 18. Be3 Bg7 19. f3 $14) 18. Nxe6 Bxe6 19. Bxf6 Bxf6 20.
Nd5 Qd8 21. Nxf6+ Qxf6 22. Qb4 $14) 17... dxe5 18. Nf3 (18. Nc2 Ne6 19. b4 Qc7
20. Qd6 $14 {/=}) (18. Nf5 Bxf5 19. exf5 Kg7 $11) 18... Be6 $2 (18... Kg7 $142
19. a3 Ne6 20. b4 Qxa3 21. Nb1 Qa1 (21... Qa4 22. Nxe5 a5 $132) 22. Nc3 $11)
19. Nd5 Qd8 20. Nxf6+ Qxf6 21. Qc3 Rad8 (21... Nd7 22. Rd6 $16) 22. Rxd8 Rxd8
23. Qa5 $1 (23. Qxe5 Qxe5 24. Nxe5 Rd4 (24... Rd2 25. b4 Na4 26. a3 c5 $44) 25.
f3 Rd2 (25... f6 26. Ng4 Bxg4 27. hxg4 Rd2 28. b4 Na4 29. a3 $16) 26. b4 (26.
Re2 Rd1 $44) 26... Na4 $44) (23. Nxe5 Na4 24. Qb4 Qxe5 25. Qxa4 Rd2 26. Qxa7
Rxb2 $44) 23... Nd3 (23... Nd7 24. Rd1 Ra8 25. Qc7 $16) 24. Rd1 $18 b6 25. Qc3
Nc5 26. Qxe5 $1 Qe7 27. Nd4 Qf8 $2 (27... Rc8 $142) 28. b4 Re8 29. Qf4 Na4 30.
Nxc6 Nc3 31. Rd2 Bc8 32. f3 a5 33. a3 axb4 34. axb4 Be6 35. Qf6 Na4 36. Rd8 1-0

[Event "Sarajevo Bosnia 30th"]
[Site "Sarajevo"]
[Date "2000.05.23"]
[Round "6"]
[White "Topalov, Veselin"]
[Black "Movsesian, Sergei"]
[Result "1/2-1/2"]
[WhiteElo "2702"]
[BlackElo "2668"]
[Annotator "Huzman,A"]
[PlyCount "168"]
[EventDate "2000.05.17"]
[EventType "tourn"]
[EventRounds "11"]
[EventCountry "BIH"]
[EventCategory "19"]
[SourceTitle "CBM 077"]
[Source "ChessBase"]
[SourceDate "2000.07.27"]
[SourceVersion "1"]
[SourceVersionDate "2000.07.27"]
[SourceQuality "1"]

1. d4 Nf6 2. c4 g6 3. Nc3 Bg7 4. e4 d6 5. Nf3 O-O 6. Be2 e5 7. O-O Na6 8. Be3
Ng4 9. Bg5 Qe8 10. dxe5 dxe5 11. h3 h6 12. Bd2 Nf6 13. Be3 Qe7 (13... c6 14. c5
Qe7 15. Bxa6 bxa6 16. Qa4 $5 Qc7 17. Rfd1 Rb8 18. Qc2 Be6 19. Rd6 Ne8 20. Rad1
$36 {Gurevich,M-Hjartarson,J/Munchen/1993/1-0 (36)}) 14. a3 c6 15. b4 Nh5 16.
Re1 Nf4 (16... Rd8 17. Qc1 Kh7 18. Ra2 Nc7 19. Rd2 Re8 20. Bf1 Ne6 21. Qd1 Ng5
22. Nxg5+ hxg5 23. Be2 Nf4 24. Bg4 Ne6 $11 {1/2-1/2 Iskusnyh,S-Svidler,P/
Maikop 1998/CBM 66 (31)}) (16... Qf6 17. c5 Nc7 18. Ra2 Be6 19. Rd2 Nf4 20. Bf1
a5 21. b5 cxb5 22. Nxb5 Nxb5 23. Bxb5 Rfd8 $11 {0-1 Van Wely,L-Shirov,A/Monte
Carlo 1997/CBM 57 ext (58)}) 17. Bf1 Qf6 (17... Rd8 18. Qc2 Qf6 19. Nd2 Nc7 20.
Nb3 Nce6 21. Rad1 Nd4 22. Bxd4 exd4 23. e5 Nxh3+ 24. gxh3 Qg5+ 25. Kh1 dxc3 $15
{1/2-1/2 Bersoult,F-San Marco,B/FRA-chT 1993/TD (41)}) (17... Ne6 18. Ra2 f5
19. Bc1 f4 20. Rd2 Nac7 21. Nd5 Qf7 22. Nxc7 Qxc7 23. c5 Re8 24. Rd6 Nf8 25.
Bb2 $16 {1-0 van Wely,L-Kindermann,S/BL 99/00 Porz-Plauen sp 99/11 1999 (32)})
18. Ra2 Re8 19. Rd2 Nc7 (19... Bf8 20. Nh2 h5 21. Qf3 Nc7 22. Ne2 Nce6 23. Nxf4
Nxf4 24. Kh1 Be7 25. Qd1 a5 26. c5 axb4 27. axb4 Be6 $15 {0-1 Vukanovic,
S-Pavlovic,N/Ulcinj 1998/EXT 99 (39)}) 20. Kh2 $146 (20. Rd6 Nfe6 21. Qc1 g5
22. Red1 Bf8 23. c5 Qg7 24. Ne2 Nf4 25. Ng3 Be6 26. R6d2 g4 27. Nh4 gxh3 28.
Ngf5 Bxf5 29. Nxf5 Qg6 $13 {1/2-1/2 Giorgadze,G-Movsziszian,K/Cala Galdana ESP
1999 (41)}) 20... g5 21. g3 Ng6 22. c5 Ne6 (22... Be6 23. Qe2 (23. Be2 Nf4 (
23... Red8 24. Qc2 Rxd2 25. Nxd2 Nf4 26. Bf1 $14 {[%cal Gd2c4,Gc4d6]}) 24. Bf1
Ng6) 23... Red8 24. Red1 $14) 23. Na4 $1 Rd8 24. Rxd8+ Nxd8 25. Nb2 Be6 26. Nd2
$14 {/+/-} Bf8 27. Ndc4 Bxc4 28. Nxc4 Ne6 29. Qg4 $16 {[%csl Rf5]} Rd8 30. Qf5
Kg7 31. Qxf6+ Kxf6 32. Be2 $1 Nd4 33. Rd1 Be7 34. Bg4 $1 {[%csl Rb7,Rc6][%cal
Gg4c8,Gc4a5,Ga5b7,Ga5c6]} Nb5 (34... Ne6 35. Na5 $1 Rxd1 36. Bxd1 Nd8 37. Bg4
$16) (34... Nc2 35. Na5 Rxd1 36. Bxd1 Nxe3 37. fxe3 b6 38. cxb6 (38. Nxc6 bxc5
39. Nxe7 Kxe7 40. bxc5 Nf8) 38... axb6 39. Nxc6 $16 {+-}) 35. Rxd8 Bxd8 36. Bc8
Ne7 (36... b6 37. cxb6 axb6 38. a4 Nd4 39. a5 $18) 37. Bxb7 $18 Ke6 38. f3 f5
39. exf5+ $6 (39. a4 Nd4 40. Kg2 f4 41. gxf4 gxf4 42. Bf2 $18) 39... Kd5 $1 40.
Nd6 $2 (40. f6 Kxc4 41. fxe7 Bxe7 42. Ba6 Kd5 43. Bc1 $16) (40. Na5 Bxa5 41. f6
Bd8 42. fxe7 Bxe7 43. Bc1 Nd4 44. Kg2 a5 $132) 40... Nxd6 41. cxd6 Nxf5 42.
Bxa7 Nxd6 43. Ba6 Nb5 $1 44. Bc5 (44. Bxb5 cxb5 45. Kg2 e4 $132 {[%csl Ra3,Rb4]
[%cal Yd8f6,Yf6b2]}) 44... Nxa3 $14 45. Bd3 (45. g4 Bc7 46. Bf8 (46. Kg2 Bd6 (
46... Nc2 47. Bf8 Bd6 48. Bxh6 Nxb4 49. Bc8 Be7 $11) 47. Bxd6 Kxd6 48. Bd3 Nb5
$15)) 45... h5 46. Kg2 (46. Bg6 Kc4 47. Bxh5 Nc2 48. Be8 Nxb4 49. Bxb4 Kxb4 50.
Bxc6 Kc5 $11) 46... Ke6 47. Be4 Kd7 48. Bf5+ Kc7 49. Kf2 Nc4 50. Bf8 Bf6 51.
Be6 Nd6 52. Ke3 h4 53. g4 Nb5 54. Bc4 Nd6 55. Bd3 Kd7 56. Be4 Kc7 57. Kd3 Kd7
58. Kc3 Kc7 59. Kd2 Kd7 60. Bf5+ Kc7 61. Kd3 Nb7 62. Kc2 Nd6 63. Bd3 $2 (63.
Kb3 $2 Nxf5 64. gxf5 e4 65. fxe4 g4 66. Bh6 Kd6 67. hxg4 h3 68. Be3 Ke5 $19)
63... Kd7 64. Kb3 Be7 65. Bg7 (65. Bxe7 Kxe7 66. Be4 Kd7) 65... Ke6 66. Bh7 Ne8
67. Bf5+ Kd6 68. Bh8 Nc7 $1 {[%csl Rh3][%cal Yc7d5,Yd5f4,Yf4h3]} (68... Bf6 69.
Bg6 Bxh8 70. Bxe8 $11) 69. Kc4 Nd5 70. Bg7 $2 (70. Kd3 $142 Bf6 71. Bxf6 Nxf6
72. Kc4 Nd5 73. Bd3 Nf4 74. Bf1 Nd5 75. Be2 Nb6+ (75... Ne3+ 76. Kd3) 76. Kd3)
70... Nf4 71. Bh8 Nxh3 72. Kd3 Nf4+ $2 (72... Nf2+ $1 73. Ke3 Nh1 74. Ke2 Ng3+
75. Kf2 Kd5 $19) 73. Ke4 Bf6 $2 (73... Kc7 $1 74. Ke3 (74. Bxe5+ Bd6 75. Bd4 h3
76. Bg1 Ne2 $19) 74... Nd5+ 75. Kf2 Bf6 $19) 74. Bxf6 h3 75. Bxg5 h2 $2 (75...
Nd5 $1 76. f4 h2 77. fxe5+ Kc7 $19) 76. Bf6 Nd3 $6 (76... h1=Q 77. Bxe5+ Ke7
78. Kxf4 (78. Bxf4 Qb1+ 79. Ke3 Qxb4 $17) 78... Qc1+ 79. Ke4 Qe1+ $17) 77. Kxd3
h1=Q 78. Be4 Ke6 79. Bg5 Qa1 80. Bd2 Qa6+ 81. Kc2 Qc4+ 82. Kb2 Kd6 83. g5 $132
Qe2 84. Kc3 c5 1/2-1/2

[Event "Olympiad-34"]
[Site "Istanbul"]
[Date "2000.11.12"]
[Round "14.2"]
[White "Piket, Jeroen"]
[Black "Milov, Vadim"]
[Result "0-1"]
[WhiteElo "2649"]
[BlackElo "2626"]
[Annotator "Milov,V"]
[PlyCount "72"]
[EventDate "2000.10.28"]
[EventType "team-swiss"]
[EventRounds "14"]
[EventCountry "TUR"]
[SourceTitle "EXT 2001"]
[Source "ChessBase"]
[SourceDate "2000.11.22"]
[SourceVersion "1"]
[SourceVersionDate "2000.11.22"]
[SourceQuality "1"]
[WhiteTeam "Netherlands"]
[BlackTeam "Switzerland"]
[WhiteTeamCountry "NED"]
[BlackTeamCountry "SUI"]

1. d4 Nf6 2. c4 g6 3. Nc3 Bg7 4. e4 d6 5. Nf3 O-O 6. Be2 e5 7. O-O Na6 8. Be3
Ng4 9. Bg5 Qe8 10. dxe5 dxe5 11. h3 h6 12. Bd2 Nf6 13. Be3 Qe7 14. Qc1 (14. Nd5
Qd8 15. Nxf6+ Qxf6 16. c5 Nb8 17. b4 Nc6 $13) 14... Kh7 15. c5 b6 $1 (15... Nb4
16. Rd1 Nc6 17. Qc2 Bd7 18. Nd5 Nxd5 19. exd5 Bf5 20. Qc4 $16) (15... Rd8 16.
Bxa6 bxa6 17. c6 $14) 16. Bxa6 (16. Rd1 Nxc5 17. Nd5 Nxd5 18. Bxc5 bxc5 (18...
Qxc5 {(V)} 19. Qxc5 bxc5 20. Rxd5) 19. Rxd5 Bb7 20. Rxc5 Bxe4 21. Rxc7 Qb4 $11)
(16. c6 Nb4 17. Bb5 a6 18. Ba4 Be6 $13 19. Nxe5 $140 Bxa2 20. f4 Be6) 16...
Bxa6 17. Rd1 Bb7 $11 18. Qc2 Qe6 (18... Rfd8 19. Rxd8 Rxd8 20. Qa4 bxc5 $8 21.
Qxa7 Bxe4 22. Bxc5 Qe6 23. Nxe4 Nxe4 24. Be3 Rd7 $13) 19. Rd2 (19. b4 Rfd8 $11
(19... Qc4 20. Nxe5 Qxb4 21. c6 Ba6 22. Bd4 Rad8 23. Nd7 Nxd7 24. Bxg7 Kxg7 25.
cxd7 Qc4 26. Qb2 $16)) 19... Rad8 20. Rad1 Rxd2 21. Rxd2 (21. Nxd2 Rd8) 21...
Re8 22. Bg5 $5 (22. Qa4 Bc6 23. Qxa7 Nxe4 24. Nxe4 Bxe4 $132) 22... Nh5 $5 (
22... Nxe4 23. Nxe4 f5 (23... Qc6 24. Be3 Qxe4 25. Qxe4 Bxe4 26. Rd7 Kg8 27.
Nd2 Bf5 28. Rxc7 bxc5 29. Rxa7 Bf8 $11) 24. Bxh6 Bxe4 25. Ng5+ Kxh6 26. Nxe6
Bxc2 27. Nxg7 Kxg7 28. Rxc2 $11) 23. Nd5 $6 (23. Be3 Nf4 24. Qa4 Qc6 25. Qxc6
Bxc6 26. b4 b5 27. a4 a6 28. axb5 axb5 29. Nd5 Ne6 $11) 23... Bxd5 (23... Qc6
24. Be3 $14) 24. Rxd5 (24. exd5 Qd7 25. Be3 e4 $36) 24... c6 $2 (24... Nf4 25.
Bxf4 (25. Rd2 Nxh3+ $1 26. gxh3 Qxh3 27. Qd3 Qg4+ $17) 25... exf4 26. c6 (26.
Nd2 f5 $17) 26... f5 27. Nd4 (27. Rd7 fxe4 28. Nd4 Qe5) 27... Qxe4 28. Rd7 Kh8
$1 29. Qxe4 fxe4 30. Kf1 (30. Nb5 e3 (30... Be5 31. Nxa7 $13) 31. Kf1 e2+ 32.
Ke1 Bxb2 33. Rd2 Be5 34. Rxe2 Re6 35. Nxa7 Kg7 $17) 30... a6 31. Nb3 Be5 32.
Nd2 e3 33. fxe3 fxe3 34. Nf3 Bg3 (34... Bxb2 35. Ke2) 35. Ke2 Kg8 36. Nd4 Kf8
37. Nc2 $15) 25. Rd6 Qxa2 26. cxb6 $2 (26. Be3 bxc5 27. Rxc6 Nf4 28. Rxc5 $11)
26... hxg5 27. b7 (27. Qxc6 Rf8) 27... Nf4 $2 (27... f6 $5 28. Qxc6 Rf8) (27...
Kh6 28. Qxc6 Rf8 29. Qc8 (29. Qb5 Nf4 {-27...Nf4}) 29... Qb1+ (29... Qxb2 30.
Nxg5 $3 Kxg5 31. Rd8 Qxb7 32. Qxb7 Rxd8 33. Qe7+ Bf6 34. Qxa7 Kh6 35. Qxf7 $11)
30. Kh2 Qxb2 31. Nxg5 $140 Qxf2) 28. Qxc6 (28. Nxg5+ Kh6 29. Qxc6 (29. h4 f6
$19) 29... Qb1+ 30. Kh2 Kxg5 31. Qc8 Kh6 $19) 28... Rf8 (28... Qb1+ 29. Kh2 Rf8
(29... Qf1 $2 30. Nxg5+ Kh6 31. Nxf7+ Kh5 32. Rxg6 Nxg6 33. Qd7 $18) 30. Nxg5+
Kg8 (30... Kh6 31. Nxf7+ Rxf7 32. b8=Q Ne2 33. Qh8+ Bxh8 34. Rxg6+ Kh7 35. Rh6+
Kg8 36. Qe8+ Rf8 37. Rxh8+ Kxh8 38. Qxf8+ Kh7 39. Qf5+ Kh6 40. Qf6+ Kh7 41.
Qh4+ Kg7 42. Qg4+ $18) 31. Rd2 $1 Qf1 32. f3 Qe1 (32... Ne2 33. Qc5 $1 $16) 33.
Qd6 Nh5 34. b8=Q Qg3+ $11) 29. Qb5 $2 (29. Qd7 g4 $1 (29... Qb1+ 30. Rd1) (
29... Qxb2 $5) 30. hxg4 (30. Qxg4 Qxb2) 30... Qxb2 $19) (29. Qc8 Qb1+ 30. Kh2
Qf1 31. Nxg5+ (31. Qg4 f6) 31... Kg8 32. Qg4 Qxf2 $19) (29. Nxg5+ Kh6 (29...
Kg8 30. Rd2 $1 (30. Qc8 Qb1+ 31. Kh2 Qf1) 30... Qa1+ 31. Kh2 Qf1 32. f3 Qe1 (
32... Nh5) 33. Qd6 Nh5 $11) 30. Qc8 Qb1+ (30... f6 31. Qxf8 Bxf8 32. b8=Q Bxd6
33. Qh8+ Kxg5 34. h4+ Kg4 35. Qxf6 Be7 36. Qxe7 Ne6 37. Kh2 $1 $18) 31. Kh2 Qf1
32. Qg4 Qxf2 33. Nxf7+ Kh7 34. b4 Ne2 35. Qxg6+ Kg8 36. Nh6+ Kh8 37. Nf7+ $11)
29... Qb1+ (29... Rb8 30. Qd7 (30. Nxg5+ Kh6) 30... Kh6 $19) 30. Kh2 Kh6 $1 31.
h4 $2 (31. Rc6 Rb8 32. Rc8 (32. Rc7 Qd3) 32... Rxb7 33. Qxb7 Qf1 34. Ne1 Qxe1
$19) (31. Rd2 a6 $1 32. Qc4 (32. Qxa6 Qxe4) 32... f5 $19) (31. b8=Q Rxb8 32.
Qxb8 Qf1 $19) (31. Rd7 $142 a6 $1 32. Qxa6 Qxb2 33. Nd2 $17) 31... g4 32. Nxe5
(32. Nd2 Qe1 33. Qf1 Qxf1 34. Nxf1 Rb8 35. Rd7 Ne6 $19) (32. Ng5 Kh5 $1) 32...
Bxe5 33. Qxe5 Ne2 34. Rxg6+ fxg6 35. Qg5+ Kg7 36. Qe5+ Rf6 0-1